000
00339nam a2200145Ia 4500
008
150201s2002 xx 000 0 und d
082
_a
616.07
_b
P2002C
100
_a
CHAUTERVEDI
245
_a
PRACTICAL PATHOLOGY
250
_a
1ST
260
_b
ARYA PUBLICATION
_a
DELHI
_c
2002
300
_a
1-164
650
_a
PATHOLOGY
942
_2
ddc
_c
BK
999
_c
2901
_d
2901